Current Issues in Perceptual Training: Facing the Requirement to Couple Perception, Cognition, and Action in Complex Motor Behavior (Record no. 26501)
[ view plain ]
| 000 -LEADER | |
|---|---|
| fixed length control field | 00642nam a2200133Ia 4500 |
| 008 - FIXED-LENGTH DATA ELEMENTS--GENERAL INFORMATION | |
| fixed length control field | 220620s9999||||xx |||||||||||||| ||und|| |
| 020 ## - INTERNATIONAL STANDARD BOOK NUMBER | |
| International Standard Book Number | 9782890000000 |
| 245 #0 - TITLE STATEMENT | |
| Title | Current Issues in Perceptual Training: Facing the Requirement to Couple Perception, Cognition, and Action in Complex Motor Behavior |
| 546 ## - LANGUAGE NOTE | |
| Language note | English[eng] |
| 650 ## - SUBJECT ADDED ENTRY--TOPICAL TERM | |
| Topical term or geographic name entry element | perception-action coupling||sport science||performance||learning||transfer |
| 700 ## - ADDED ENTRY--PERSONAL NAME | |
| Personal name | Klostermann, André||Mann, David |
| 856 ## - ELECTRONIC LOCATION AND ACCESS | |
| Uniform Resource Identifier | <a href="https://www.frontiersin.org/research-topics/5873/current-issues-in-perceptual-training-facing-the-requirement-to-couple-perception-cognition-and-acti">https://www.frontiersin.org/research-topics/5873/current-issues-in-perceptual-training-facing-the-requirement-to-couple-perception-cognition-and-acti</a> |
| 942 ## - ADDED ENTRY ELEMENTS (KOHA) | |
| Koha item type | E-Books |
| Withdrawn status | Lost status | Damaged status | Not for loan | Home library | Current library | Date acquired | Total Checkouts | Date last seen | Price effective from | Koha item type |
|---|---|---|---|---|---|---|---|---|---|---|
| Kerala University of Digital Sciences, Innovation and Technology Knowledge Centre | Kerala University of Digital Sciences, Innovation and Technology Knowledge Centre | 20/06/2022 | 20/06/2022 | 20/06/2022 | E-Books |